000 00991nas a2200301 4500
001 BR2020000793
003 BR-BrBNA
005 20231205132108.0
007 ta
008 230509b bl.|||p| |||| 00| 00por d
040 _aBR-BrBNA
_bpor
_cBiblioteca Nacional de Agricultura
041 _a(Pt)
072 _aS20
100 1 _aDaiuto, E.R.
100 1 _aVieites, R.L.
100 1 _aPigoli, D.R.
100 1 _aCarvalho, L.R. de
245 1 _aEstabilidade de minerais em hortaliças submetidas a diferentes métodos de cozimento
650 _aPROCESSAMENTO
650 _aIMERSÃO
650 _aFORNO DE MICROONDAS
650 _aCOCÇÃO
773 0 _tNativa. Pesquisas Agrárias e Ambientais (Brazil)
_xISSN 2318-7670
_g(Apr-Jun 2015), v. 3(2) p. 102-108
_wBR2020000793
856 4 0 _uhttps://periodicoscientificos.ufmt.br/ojs/index.php/nativa/article/view/2032
856 4 0 _dLink DSPACE/MAPA BR2020000793
909 _a202311
_bLúcia
_c55
_dLúcia Elande
942 _2AGRIS
_n0
_cANA
999 _c258437
_d258437